书目信息 |
| 题名: |
自费出国指南
|
|
| 作者: | 张历历 , 尹超英 主编 | |
| 分册: | ||
| 出版信息: | 北京 法律出版社 1990.3 |
|
| 页数: | 231页 | |
| 开本: | 20cm | |
| 丛书名: | ||
| 单 册: | ||
| 中图分类: | D631.46 | |
| 科图分类: | 2.2581 | |
| 主题词: | 出入境--中国--手册 | |
| 电子资源: | ||
| ISBN: | 7-5036-0599-5 | |
| 000 | 00822nam0 2200253 45 | |
| 001 | 0194044098 | |
| 005 | 20070714082254.73 | |
| 010 | @a7-5036-0599-5@dCNY4.20 | |
| 100 | @a19931214d1990 em y0chiy0121 ea | |
| 101 | 0 | @achi |
| 102 | @aCN@b110000 | |
| 105 | @ay z 000yy | |
| 200 | 10 | @a自费出国指南@AZI FEI CHU GUO ZHI NAN@f张历历,尹超英主编@FZHANG LI LI , YIN CHAO YING ZHU BIAN |
| 210 | @a北京@c法律出版社@d1990.3 | |
| 215 | @a231页@d20cm | |
| 330 | @a本书包括出国途径及办理公证、护照、签证,涉外婚姻、财产继承的法律问题,以及订机票、过关等。 | |
| 540 | 1 | @a自费 出国@AZI FEI CHU GUO |
| 606 | @a出入境@y中国@x手册 | |
| 690 | @aD631.46@v三版 | |
| 692 | @a2.2581 | |
| 701 | 0 | @a张历历@AZHANG LI LI@4主编 |
| 701 | 0 | @a尹超英@AYIN CHAO YING@4主编 |
| 801 | 0 | @aCN@bTSSF@c20070714 |
| 905 | @a10447@dD631.46@e108 | |
| 自费出国指南/张历历,尹超英主编.-北京:法律出版社,1990.3 |
| 231页;20cm |
| ISBN 7-5036-0599-5:CNY4.20 |
| 本书包括出国途径及办理公证、护照、签证,涉外婚姻、财产继承的法律问题,以及订机票、过关等。 |
| ● |
| 相关链接 |
|
|
|
|
正题名:自费出国指南
索取号:D631.46/108
 
预约/预借
| 序号 | 登录号 | 条形码 | 馆藏地/架位号 | 状态 | 备注 |
| 1 | 0765886 | 207658863 | 第一样本阅览室/ [索取号:D631.46/108] | 在馆 |